[Event "FIDE World Rapid Team"]
[Site "Almaty KAZ"]
[Date "2024.08.04"]
[Round "10.16"]
[White "Pakleza, Zbigniew"]
[Black "Chinguun, Sumiya"]
[Result "1-0"]
[WhiteTitle "GM"]
[BlackTitle "FM"]
[WhiteElo "2483"]
[BlackElo "2389"]
[WhiteTeam "Q4Rail Kingsofchess Krakow"]
[BlackTeam "Hunnu Air"]
[WhiteFideId "1119290"]
[BlackFideId "4902572"]
[EventDate "2024.08.02"]

1. d4 Nf6 2. Nf3 e6 3. Bf4 d5 4. e3 Bd6 5. Bg3 O-O 6. Nbd2 c5 7. c3 Qc7 8. Be2
Nbd7 9. c4 cxd4 10. Nxd4 Bxg3 11. hxg3 Nb6 12. cxd5 Nbxd5 13. O-O e5 14. Nb5 Qe7
15. Qb3 Be6 16. Qa3 Nb4 17. Rac1 Nfd5 18. e4 a6 19. Nc3 Nxc3 20. Rxc3 a5 21. Nc4
Qf6 22. Nb6 Rad8 23. Qxa5 Nc6 24. Qc5 Nd4 25. Bd1 Bxa2 26. b3 Bb1 27. Nd5 Qa6
28. Re3 Kh8 29. Bg4 f5 30. exf5 Bxf5 31. Bxf5 Rxf5 32. g4 Rff8 33. Rxe5 Ne2+ 34.
Kh2 Nf4 35. Qc4 Qd6 36. Nxf4 Qxe5 37. g3 Rd4 38. Qe6 Qc7 39. Kg2 Rd6 40. Ng6+ 1-0

[Event "FIDE World Rapid Team"]
[Site "Almaty KAZ"]
[Date "2024.08.04"]
[Round "10.17"]
[White "Mungunzul, Bat-Erdene"]
[Black "Kulon, Klaudia"]
[Result "1-0"]
[WhiteTitle "WCM"]
[BlackTitle "IM"]
[WhiteElo "2224"]
[BlackElo "2415"]
[WhiteTeam "Hunnu Air"]
[BlackTeam "Q4Rail Kingsofchess Krakow"]
[WhiteFideId "4902831"]
[BlackFideId "1131044"]
[EventDate "2024.08.02"]

1. d4 Nf6 2. c4 e6 3. Nc3 d5 4. Nf3 Be7 5. Bg5 O-O 6. e3 c6 7. Bd3 Nbd7 8. O-O
dxc4 9. Bxc4 b5 10. Bd3 a6 11. Bxf6 Nxf6 12. Ne4 Nxe4 13. Bxe4 Bb7 14. Ne5 Rc8
15. Rc1 Qd6 16. Qf3 Bf6 17. Nd3 Ba8 18. Rc5 Bxd4 19. Bxh7+ Kxh7 20. exd4 g6 21.
Re1 Qxd4 22. Re4 Qg7 23. h4 Rcd8 24. h5 g5 25. Ree5 Rd5 26. Qe3 Rfd8 27. Nb4
Rxc5 28. Rxc5 Kh6 29. Nxa6 Bb7 30. Nb4 Rd1+ 31. Kh2 Rd4 32. Nd3 Rh4+ 33. Kg1
Rxh5 34. Ne5 Kh7 35. Qd3+ f5 36. Qd6 g4 37. Qxe6 f4 38. Nd3 Rd5 39. Qe4+ Kh8 40.
Qxf4 g3 41. fxg3 Bc8 42. Rxd5 cxd5 43. Qh4+ Kg8 44. Qd8+ Qf8 45. Qxd5+ Kh7 46.
Qxb5 Bf5 47. Nf4 Qc8 48. a4 Bd7 49. Qh5+ Kg7 50. Qe5+ Kf7 51. a5 Bc6 52. b4 Qb7
53. Qe6+ Kf8 54. Qd6+ Kg8 55. Qd8+ Kf7 56. Qb6 Qd7 57. a6 Kf6 58. b5 Qd1+ 59.
Kh2 1-0

[Event "FIDE World Rapid Team"]
[Site "Almaty KAZ"]
[Date "2024.08.04"]
[Round "10.19"]
[White "Isanzhulov, Arystan"]
[Black "Tin, Jingyao"]
[Result "0-1"]
[WhiteTitle "IM"]
[BlackTitle "GM"]
[WhiteElo "2401"]
[BlackElo "2575"]
[WhiteTeam "Teniz Kazakhstan"]
[BlackTeam "Theme International Trading"]
[WhiteFideId "13711644"]
[BlackFideId "5804418"]
[EventDate "2024.08.02"]

1. e4 e5 2. Nf3 Nc6 3. Nc3 Nf6 4. d4 exd4 5. Nxd4 Bb4 6. Nxc6 bxc6 7. Bd3 O-O 8.
O-O d5 9. exd5 cxd5 10. h3 c6 11. Qf3 Rb8 12. Bf4 Bd6 13. b3 Rb7 14. Rfe1 Re7
15. Rxe7 Qxe7 16. Bxd6 Qxd6 17. Qe3 c5 18. Re1 Be6 19. Nb5 Qb6 20. c4 a6 21. Nc3
d4 22. Na4 Qa5 23. Qe5 Bd7 24. Rb1 Bxa4 25. bxa4 Qd2 26. Qf5 g6 27. Qf3 Nd7 28.
Bf1 Qxa2 29. Rb7 Qxa4 30. Qd5 Nf6 31. Qxc5 Qd1 32. Qe5 Nh5 33. Rd7 Ng7 34. Rxd4
Qa1 35. Rd5 Qxe5 36. Rxe5 Ne6 37. Ra5 Ra8 38. g3 Kf8 39. c5 Rc8 40. Rxa6 Rxc5
41. Ra2 h5 42. Ra4 Rc3 43. Kg2 Kg7 44. Re4 Ng5 45. Re2 h4 46. Re1 hxg3 47. fxg3
f5 48. Be2 Rc2 49. h4 Ne4 50. Kh3 Nf2+ 51. Kg2 Nd3 52. Rd1 Nc1 53. Kf3 Nxe2 54.
g4 fxg4+ 55. Kxg4 Rc4+ 56. Kh3 Nf4+ 57. Kg4 Nh5+ 58. Kg5 Nf6 0-1

[Event "FIDE World Rapid Team"]
[Site "Almaty KAZ"]
[Date "2024.08.04"]
[Round "10.20"]
[White "Jumabayev, Rinat"]
[Black "Mamedov, Edgar"]
[Result "1/2-1/2"]
[WhiteTitle "GM"]
[BlackTitle "FM"]
[WhiteElo "2577"]
[BlackElo "2443"]
[WhiteTeam "Theme International Trading"]
[BlackTeam "Teniz Kazakhstan"]
[WhiteFideId "13702661"]
[BlackFideId "13739980"]
[EventDate "2024.08.02"]

1. Nf3 d5 2. g3 b6 3. Bg2 Bb7 4. O-O e6 5. d3 Nf6 6. c4 Be7 7. cxd5 Nxd5 8. Qa4+
Qd7 9. Qxd7+ Nxd7 10. Nc3 c5 11. Bd2 O-O 12. Rfc1 Rfd8 13. Nxd5 Bxd5 14. Bc3 b5
15. Ne1 b4 16. Bd2 Bf6 17. Rc2 Rab8 18. Bxd5 exd5 19. Ng2 Be7 20. Be3 Rbc8 21.
Rac1 g5 22. Bd2 Nb6 23. Ne3 f6 24. Nf5 Bf8 25. b3 d4 26. Kg2 Kf7 27. g4 a5 28.
a4 Kg6 29. h4 h6 30. h5+ Kf7 31. Kf3 Rc6 32. Kg2 Rcc8 33. Kf1 Rd5 34. Ng3 Nd7
35. Nf5 Ne5 36. f3 Nc6 37. Kf2 Ne7 38. Ng3 f5 39. gxf5 Nxf5 40. Ne4 Ng7 41. Rh1
Ne6 42. Rc4 Bg7 43. Rc2 Bf8 44. Bc1 Be7 45. Nd2 Bd8 46. Nc4 Bc7 47. Bd2 Rg8 48.
Rcc1 Rf5 49. Rcg1 Rh8 50. Rg4 Re8 51. Re4 Ng7 52. Kg2 Rf6 53. e3 Nf5 54. Rxe8
Kxe8 55. Kf2 g4 56. Rg1 Nxe3 57. Bxe3 dxe3+ 58. Kxe3 Rxf3+ 59. Ke2 Rf5 60. Rxg4
Rxh5 61. Rg7 Kd8 62. Kf3 Rh4 63. Rh7 h5 64. Nd2 Rd4 65. Ke2 Rh4 66. Ne4 c4 67.
bxc4 Rh2+ 68. Ke3 b3 69. Rh8+ Ke7 70. Rh7+ Kd8 71. Rh8+ Ke7 72. Rh7+ Kd8 73.
Rh8+ 1/2-1/2

[Event "FIDE World Rapid Team"]
[Site "Almaty KAZ"]
[Date "2024.08.04"]
[Round "10.21"]
[White "Sapenov, Daniyal"]
[Black "Siddharth, Jagadeesh"]
[Result "1/2-1/2"]
[WhiteTitle "FM"]
[BlackTitle "IM"]
[WhiteElo "2311"]
[BlackElo "2516"]
[WhiteTeam "Teniz Kazakhstan"]
[BlackTeam "Theme International Trading"]
[WhiteFideId "13728911"]
[BlackFideId "5818320"]
[EventDate "2024.08.02"]

1. e4 c6 2. d4 d5 3. e5 Bf5 4. h4 h5 5. c4 e6 6. Nc3 dxc4 7. Bxc4 Nd7 8. Nge2
Be7 9. g3 Nh6 10. Bxh6 Rxh6 11. Qd2 Qa5 12. O-O O-O-O 13. Qe3 Nb6 14. Bb3 Rg8
15. f4 Rhh8 16. Rac1 Kb8 17. Ne4 Rd8 18. Ng5 Rhf8 19. Kh2 Nd5 20. Bxd5 Qxd5 21.
a3 c5 22. Rfd1 f6 23. dxc5 Qxd1 24. Rxd1 Rxd1 25. exf6 Bxf6 26. Ne4 Bxe4 27.
Qxe4 Rfd8 28. Kg2 R8d2 29. Qxe6 Re1 30. Qe8+ Bd8 31. Qxh5 Rdxe2+ 32. Kh3 Bf6 33.
Qd5 Rxb2 34. Qd6+ Kc8 35. Qf8+ Kd7 36. Qd6+ Ke8 37. Qb8+ Kf7 38. Qxa7 Kg6 39.
Qa5 Re3 40. h5+ Kxh5 41. c6+ b5 42. Qa8 Rc2 43. Qh8+ Kg6 44. Kg4 Kf7 45. Qh5+ g6
46. Qd5+ Kg7 47. Qd7+ Re7 48. Qd6 Rc3 49. Kh3 Ree3 50. Qd7+ Kh6 51. c7 Rxg3+ 52.
Kh2 Rxc7 53. Qxc7 Rxa3 54. Qc6 Kg7 55. Qd7+ Kh6 56. Qe6 Kg7 57. Qd7+ Kh6 58.
Qxb5 Re3 59. Qc5 Re2+ 60. Kg3 Kg7 61. Kf3 Re7 62. Qd5 Rf7 63. Kg4 Re7 64. Qc6
Rf7 65. Qg2 Be7 66. Qd5 Bf6 67. Qc4 Be7 68. Qd3 Bf6 69. f5 gxf5+ 70. Kxf5 Be7+
71. Ke6 Bg5 72. Qg3 Rf6+ 73. Ke5 Kg6 74. Qd3+ Kg7 75. Qd7+ Kg6 76. Qe8+ Kg7 77.
Qh5 Bf4+ 78. Ke4 Bh6 79. Qg4+ Kf7 80. Qd7+ Kg6 81. Qg4+ Kf7 82. Qh5+ Kg7 83. Qe5
Kf7 84. Qxf6+ 1/2-1/2

[Event "FIDE World Rapid Team"]
[Site "Almaty KAZ"]
[Date "2024.08.04"]
[Round "10.22"]
[White "Wong, Zhenyong Jayden"]
[Black "Balabayeva, Xeniya"]
[Result "1-0"]
[WhiteTitle "FM"]
[BlackTitle "WIM"]
[WhiteElo "2397"]
[BlackElo "2335"]
[WhiteTeam "Theme International Trading"]
[BlackTeam "Teniz Kazakhstan"]
[WhiteFideId "5821975"]
[BlackFideId "13719688"]
[EventDate "2024.08.02"]

1. d4 d5 2. c4 e6 3. Nf3 Nf6 4. g3 Be7 5. Bg2 O-O 6. Nc3 dxc4 7. Ne5 c5 8. dxc5
Qxd1+ 9. Nxd1 Bxc5 10. O-O Nd5 11. Nxc4 Nc6 12. Nc3 Rd8 13. Bd2 Nb6 14. Nxb6
Bxb6 15. Rfd1 Bd7 16. Na4 Bd4 17. e3 Bf6 18. Nc5 Rab8 19. Bc3 Be8 20. Bxf6 gxf6
21. Ne4 Rxd1+ 22. Rxd1 Kg7 23. Nd6 Kf8 24. Nxe8 Kxe8 25. g4 Ne5 26. h3 Ke7 27.
f4 Nc4 28. Rc1 Nd6 29. Kf2 Kd7 30. Bf1 Rh8 31. Be2 h6 32. Kg3 Ne4+ 33. Kh4 Nd6
34. Bf3 h5 35. Kg3 hxg4 36. hxg4 Rg8 37. Kf2 e5 38. f5 Rh8 39. Kg3 Rg8 40. Kf2
Rh8 41. Rh1 Rc8 42. Kg3 Rc2 43. Rh2 Rxh2 44. Kxh2 Nc4 45. Bxb7 Nxe3 46. Kg3 Kd6
47. Kf3 Nd1 48. b4 Nc3 49. a3 Nb5 50. a4 Nd4+ 51. Ke4 Ne2 52. Kd3 Nf4+ 53. Kc4
Nh3 54. a5 Nf2 55. Bf3 Kc7 56. b5 Nh3 57. Kc5 Ng5 58. Bd5 e4 59. b6+ axb6+ 60.
axb6+ Kd7 61. Kd4 Kd6 62. Ba8 Kd7 63. Bb7 Kd6 64. Bxe4 Nxe4 65. Kxe4 Kc6 66. Kf4
Kxb6 67. g5 fxg5+ 68. Kxg5 Kc5 69. Kf6 Kd5 1-0

[Event "FIDE World Rapid Team"]
[Site "Almaty KAZ"]
[Date "2024.08.04"]
[Round "10.23"]
[White "Nurgaliyev, Sauat"]
[Black "Gong, Qianyun"]
[Result "1-0"]
[WhiteTitle "FM"]
[BlackTitle "WGM"]
[WhiteElo "2380"]
[BlackElo "2250"]
[WhiteTeam "Teniz Kazakhstan"]
[BlackTeam "Theme International Trading"]
[WhiteFideId "13726285"]
[BlackFideId "8602425"]
[EventDate "2024.08.02"]

1. e4 e6 2. d4 d5 3. Nc3 Bb4 4. e5 c5 5. a3 Bxc3+ 6. bxc3 Nc6 7. Qg4 g6 8. a4
Qa5 9. Bd2 Bd7 10. Nf3 c4 11. Qf4 h6 12. h4 O-O-O 13. Qxf7 Nge7 14. Qf4 g5 15.
Qg4 gxh4 16. Nxh4 h5 17. Qd1 Rdg8 18. g3 Kb8 19. Bh3 Ka8 20. Qf3 Rf8 21. Qe3
Rhg8 22. O-O Ng6 23. Nxg6 Rxg6 24. Kh2 Ne7 25. Qe2 Rgg8 26. Qxh5 Rh8 27. Qg5 Nf5
28. Qg4 Rh7 29. Kg2 Be8 30. Qe2 Bg6 31. Bg4 Rhf7 32. Ra3 Qd8 33. Raa1 Qa5 34.
Be1 a6 35. Rh1 Ng7 36. f3 Bf5 37. Rh6 Qd8 38. Bd2 Bxc2 39. Rah1 Bd3 40. Qd1 Ka7
41. Bf4 Rxf4 42. gxf4 Nf5 43. Bxf5 Bxf5 44. Kf2 Qb6 45. Qd2 Bd3 46. Rf6 Rg8 47.
Rg1 Rh8 48. f5 Bxf5 49. Rf7 Bd3 50. Ke3 Qd8 51. Rgg7 Ka8 52. Rxb7 1-0

[Event "FIDE World Rapid Team"]
[Site "Almaty KAZ"]
[Date "2024.08.04"]
[Round "10.24"]
[White "Zhang, Changjie"]
[Black "Fedorov, Grigory"]
[Result "0-1"]
[WhiteElo "1809"]
[BlackElo "1904"]
[WhiteTeam "Theme International Trading"]
[BlackTeam "Teniz Kazakhstan"]
[WhiteFideId "5801877"]
[BlackFideId "4123530"]
[EventDate "2024.08.02"]

1. e4 e6 2. Nc3 d5 3. d4 Nf6 4. exd5 exd5 5. Nf3 Bb4 6. Bd3 O-O 7. O-O Bg4 8.
Bg5 c6 9. Re1 Nbd7 10. h3 Bh5 11. Bf5 Qc7 12. Qd3 Rfe8 13. Ne5 Nxe5 14. dxe5 Ne4
15. Bxe4 dxe4 16. Qxe4 Bc5 17. Rad1 Bxd1 18. Rxd1 Qxe5 19. Qg4 h5 20. Qxh5 f6
21. Rd7 Qxg5 22. Qf7+ Kh8 23. h4 Re1+ 0-1

[Event "FIDE World Rapid Team"]
[Site "Almaty KAZ"]
[Date "2024.08.04"]
[Round "10.25"]
[White "Grachev, Boris"]
[Black "Utegaliyev, Azamat"]
[Result "1-0"]
[WhiteTitle "GM"]
[WhiteElo "2585"]
[BlackElo "2418"]
[WhiteTeam "GMs Kazahhstan"]
[BlackTeam "Greco"]
[WhiteFideId "4129199"]
[BlackFideId "13702467"]
[EventDate "2024.08.02"]

1. d4 d5 2. c4 c6 3. Nf3 Nf6 4. e3 Bf5 5. Nc3 e6 6. Nh4 Bg6 7. Nxg6 hxg6 8. Bd2
Nbd7 9. Qc2 Be7 10. O-O-O Qc7 11. h4 Ng4 12. Be1 Rxh4 13. Rxh4 Bxh4 14. cxd5
cxd5 15. Kb1 Be7 16. Rc1 Ngf6 17. Qa4 Qd8 18. Qb3 Qb6 19. Nb5 Kf8 20. Qa4 Qd8
21. Ba5 Nb6 22. Qb3 Nfd7 23. Bd3 Kg8 24. e4 Bf8 25. e5 Nc4 26. Bxd8 Nd2+ 27. Kc2
Nxb3 28. Kxb3 Rxd8 29. Nxa7 Nb6 30. Rc7 Rd7 31. Rxd7 Nxd7 32. Bb5 Nb8 33. Nc8 f6
34. f4 g5 35. fxg5 fxe5 36. dxe5 Kf7 37. Kc3 Kg6 38. Nd6 b6 39. b4 Kxg5 40. Nc8
Kf4 41. Nxb6 Kxe5 42. a4 Kd6 43. a5 Kc7 44. Kb3 g5 45. g4 Be7 46. Ka4 Bf8 47.
Be2 Be7 48. Bd3 Bf8 49. Bf1 Be7 50. Be2 Bf8 51. Bb5 Be7 52. Bd3 Bf8 53. Be2 Be7
54. Bd3 Bf8 55. Bg6 Na6 56. Bf7 Nxb4 57. Bxe6 Kc6 58. Bd7+ Kc5 59. Bf5 Bd6 60.
Nd7+ Kc6 61. Nf6 Na6 62. Bd7+ Kc7 63. Kb5 Nc5 64. Bf5 Kb7 65. Nxd5 Nb3 66. Be4
Ka7 67. Nb6 Bc7 68. Nc8+ Kb8 69. a6 1-0

[Event "FIDE World Rapid Team"]
[Site "Almaty KAZ"]
[Date "2024.08.04"]
[Round "10.26"]
[White "Aligozhin, Zhaslan"]
[Black "Suleimen, Ergali"]
[Result "0-1"]
[WhiteTitle "FM"]
[BlackTitle "FM"]
[WhiteElo "2333"]
[BlackElo "2334"]
[WhiteTeam "Greco"]
[BlackTeam "GMs Kazahhstan"]
[WhiteFideId "13702734"]
[BlackFideId "13724452"]
[EventDate "2024.08.02"]

1. e4 c5 2. Nf3 d6 3. d4 cxd4 4. Nxd4 Nf6 5. Nc3 a6 6. a4 e6 7. Be2 Be7 8. O-O
O-O 9. f4 Qc7 10. Kh1 b6 11. e5 dxe5 12. fxe5 Nfd7 13. Bf4 Bb7 14. Qe1 Nc6 15.
Nxc6 Bxc6 16. Qg3 Rfe8 17. Rae1 Nf8 18. Bd3 Ng6 19. Bg5 Bxg5 20. Qxg5 Qe7 21.
Qh5 Rad8 22. Re3 Rd4 23. Rh3 h6 24. Bxg6 fxg6 25. Qxg6 Rf8 26. Rg1 Qf7 27. Rxh6
Qxg6 28. Rxg6 Kf7 29. Rg3 Rd2 30. Rc1 Kg8 31. h3 Rff2 32. Kg1 b5 33. axb5 axb5
34. Nd1 Rxg2+ 35. Rxg2 Rxg2+ 36. Kf1 Rg5 37. Nf2 Bg2+ 38. Ke2 Rxe5+ 39. Kd2 Rf5
40. Ke3 Rf3+ 41. Ke2 Rg3 42. h4 Bf3+ 43. Kd2 Bd5 44. Ra1 e5 45. Ra5 e4 46. Nd1
Rg2+ 47. Kc1 Rg1 48. Kd2 Rg2+ 49. Kc1 Rg1 50. Kd2 Rg2+ 51. Kc1 Bc6 52. Ra6 Bd7
53. Ne3 Re2 54. Nd5 e3 55. b4 Re1+ 56. Kb2 e2 57. Ra8+ Kh7 0-1

[Event "FIDE World Rapid Team"]
[Site "Almaty KAZ"]
[Date "2024.08.04"]
[Round "10.27"]
[White "Balmagambetov, Timur"]
[Black "Askarov, Bakhtiyar"]
[Result "1/2-1/2"]
[BlackTitle "IM"]
[WhiteElo "2154"]
[BlackElo "2280"]
[WhiteTeam "GMs Kazahhstan"]
[BlackTeam "Greco"]
[WhiteFideId "13730258"]
[BlackFideId "13701100"]
[EventDate "2024.08.02"]

1. e4 e5 2. Nf3 Nc6 3. Bb5 a6 4. Ba4 Bc5 5. c3 Nge7 6. d4 exd4 7. cxd4 Bb4+ 8.
Bd2 Bxd2+ 9. Qxd2 d5 10. exd5 Nxd5 11. Bxc6+ bxc6 12. O-O O-O 13. Ne5 Qd6 14.
Nc3 Bf5 15. Rfe1 f6 16. Nc4 Qd8 17. Na5 Qd7 18. Na4 Nb6 19. Nc5 Qd5 20. b3 Rfe8
21. Qc3 Qd6 22. Ncb7 Qf4 23. Qxc6 Be4 24. Qc3 Nd5 25. Qg3 Qd2 26. Nc4 Qxd4 27.
Rad1 Bc2 28. Rc1 Nc3 29. Qf3 Bd3 30. Ne3 Be4 31. Qg4 c5 32. Nd6 Qxd6 33. Rxc3
Bg6 34. Qe2 Kh8 35. h3 f5 36. Rd1 Qe5 37. Qd2 f4 38. Nc4 Qg5 39. Re1 Rxe1+ 40.
Qxe1 Re8 41. Qd2 h6 42. Kh2 Be4 43. f3 Qg3+ 44. Kg1 Bf5 45. Kf1 Bxh3 46. gxh3
Qxh3+ 47. Kg1 Qg3+ 48. Kf1 Qh3+ 49. Kf2 Qh2+ 50. Kf1 Qh1+ 51. Kf2 Qh2+ 52. Kf1
Qh3+ 53. Kf2 Qh2+ 54. Kf1 Qh1+ 55. Kf2 Re6 56. Qd8+ Kh7 57. Qd3+ Kh8 58. Qd8+
Kh7 59. Qd3+ Kh8 60. Qd8+ Kh7 61. Qd3+ Kh8 62. Qd8+ Kh7 1/2-1/2

[Event "FIDE World Rapid Team"]
[Site "Almaty KAZ"]
[Date "2024.08.04"]
[Round "10.28"]
[White "Suleyev, Alen"]
[Black "Akhilbay, Imangali"]
[Result "1/2-1/2"]
[WhiteTitle "FM"]
[BlackTitle "FM"]
[WhiteElo "2084"]
[BlackElo "2279"]
[WhiteTeam "Greco"]
[BlackTeam "GMs Kazahhstan"]
[WhiteFideId "13707213"]
[BlackFideId "13734857"]
[EventDate "2024.08.02"]

1. d4 e6 2. c4 c5 3. d5 exd5 4. cxd5 d6 5. e4 g6 6. f4 Bg7 7. Nc3 Bxc3+ 8. bxc3
Nf6 9. Nf3 O-O 10. Bd3 c4 11. Bc2 Nxe4 12. Bxe4 Re8 13. O-O Rxe4 14. Ng5 Re7 15.
f5 Bxf5 16. Rxf5 gxf5 17. Qh5 f6 18. Ne6 Qe8 19. Qh4 Rxe6 20. dxe6 Qxe6 21. Qg3+
Kh8 22. Bh6 Qf7 23. Qxd6 Nc6 24. Rf1 Rd8 25. Qc5 Qd5 26. Qf2 Rg8 27. g3 Re8 28.
Qxf5 Qxf5 29. Rxf5 Re6 30. Rc5 Kg8 31. Rxc4 Re2 32. Rg4+ Kf7 33. Rg7+ Ke6 34.
Rxb7 Rxa2 35. Bf4 h5 36. Rc7 Ne7 37. c4 a5 38. Ra7 a4 39. Ra6+ Kf7 40. c5 Rc2
41. Bd6 Nf5 42. Rxa4 Ne3 43. Bf4 Rc1+ 44. Kf2 Ng4+ 45. Ke2 Rxc5 46. h3 Ne5 47.
Bxe5 1/2-1/2

[Event "FIDE World Rapid Team"]
[Site "Almaty KAZ"]
[Date "2024.08.04"]
[Round "10.29"]
[White "Kaliakhmet, Elnaz"]
[Black "Nasybullina, Alfia"]
[Result "1/2-1/2"]
[WhiteTitle "WFM"]
[BlackTitle "WIM"]
[WhiteElo "2137"]
[BlackElo "2034"]
[WhiteTeam "GMs Kazahhstan"]
[BlackTeam "Greco"]
[WhiteFideId "13730169"]
[BlackFideId "4132416"]
[EventDate "2024.08.02"]

1. d4 Nf6 2. c4 c5 3. d5 e6 4. Nc3 exd5 5. cxd5 d6 6. e4 g6 7. Nf3 Bg7 8. h3 O-O
9. Bd3 b6 10. O-O Ba6 11. Bf4 Qe7 12. Re1 Bxd3 13. Qxd3 Nh5 14. Bh2 Nd7 15. g4
Nhf6 16. e5 Nxe5 17. Nxe5 dxe5 18. Bxe5 Rfe8 19. f3 Qd7 20. Bg3 h5 21. Kg2 hxg4
22. hxg4 Rxe1 23. Rxe1 Re8 24. Rxe8+ Nxe8 25. d6 Bxc3 26. bxc3 Kg7 27. Qd5 Kf8
28. Bf4 Nf6 29. Qg5 Ng8 30. Qd5 Nf6 31. Qg5 Ng8 32. Be5 Ke8 33. Kg3 Qe6 34. Bf4
Qe1+ 35. Kg2 Qe2+ 36. Kg3 Qe1+ 37. Kg2 Qe6 38. a4 Kd7 39. Bg3 Nf6 40. c4 Ne8 41.
Bh4 Nxd6 42. Qd8+ Kc6 43. Qa8+ Nb7 44. Qxa7 Qxc4 45. Qb8 Qe2+ 46. Bf2 Qe6 47.
Bg3 Qd7 48. Qa8 Kd5 49. Qa6 Qc6 50. Qe2 Qe6 51. Qd3+ Kc6 52. Qb5+ Kd5 53. Qa6
Na5 54. Qd3+ Kc6 55. Qd8 Qd7 56. Qa8+ Nb7 57. Qa6 Qd2+ 58. Kh3 Nd6 59. Qa8+ Kd7
60. Qa7+ Ke6 61. Qxb6 c4 62. Qc5 c3 63. Bxd6 Qxd6 64. Qxc3 f5 65. Qe3+ Kf7 66.
a5 fxg4+ 67. Kxg4 Qd7+ 68. Kg3 Qb7 69. Qe4 Qa7 70. Qd5+ Kg7 71. Kf4 Qg1 72. a6
Qh2+ 73. Ke3 Qg1+ 74. Kd2 Qf2+ 75. Kc3 Qe1+ 76. Kb3 Qb1+ 77. Ka4 Kh6 78. Qd2+ g5
79. Qd6+ Kh5 80. Qd5 Qb6 81. Qb7 Qd4+ 82. Kb5 Qd3+ 83. Kb6 Qe3+ 84. Kc7 Qf4+ 85.
Kd7 Qf7+ 86. Kd6 Qf6+ 87. Kc5 Qc3+ 88. Kb5 Qb3+ 89. Ka5 Qa3+ 90. Kb6 Qe3+ 91.
Kc7 Qf4+ 92. Kb6 Qe3+ 93. Kb5 Qb3+ 94. Kc5 Qc3+ 95. Kd6 Qf6+ 96. Kc7 Qf4+ 97.
Kd7 Qf7+ 98. Kc8 Qf8+ 99. Kc7 Qf4+ 100. Kd7 Qf7+ 101. Kd6 Qf6+ 102. Kc5 Qc3+ 1/2-1/2

[Event "FIDE World Rapid Team"]
[Site "Almaty KAZ"]
[Date "2024.08.04"]
[Round "10.31"]
[White "Kazakov, Konstantin"]
[Black "Short, Nigel D"]
[Result "0-1"]
[WhiteTitle "IM"]
[BlackTitle "GM"]
[WhiteElo "2333"]
[BlackElo "2594"]
[WhiteTeam "Storm of Dragons"]
[BlackTeam "FIDE Management Board"]
[WhiteFideId "13700898"]
[BlackFideId "400025"]
[EventDate "2024.08.02"]

1. e4 e6 2. d4 d5 3. Nd2 a6 4. Ngf3 c5 5. exd5 exd5 6. dxc5 Bxc5 7. Nb3 Ba7 8.
Bd3 Qe7+ 9. Qe2 Nc6 10. O-O Qxe2 11. Bxe2 Nf6 12. c3 O-O 13. Bf4 Re8 14. Rfe1
Bg4 15. Rad1 h6 16. h3 Bh5 17. g4 Bg6 18. Nfd4 Ne4 19. f3 Ng5 20. Kg2 Nxd4 21.
Nxd4 Bxd4 22. cxd4 Rac8 23. Rd2 Ne6 24. Be3 Rc6 25. h4 h5 26. gxh5 Bxh5 27. Kf2
Bg6 28. Bd1 f6 29. Bb3 Rd8 30. Rg1 Kf7 31. Kg3 Bf5 32. h5 b5 33. Rh1 a5 34. a4
bxa4 35. Bxa4 Rc4 36. Bb3 Rb4 37. Ba2 Rb5 38. Rhh2 a4 39. Rh1 Rc8 40. Rhh2 Kg8
41. Bf4 Rc1 42. h6 Ra1 43. Bc4 dxc4 44. d5 Nc5 45. hxg7 Kxg7 46. Rde2 Kf7 47.
Bd6 Rg1+ 48. Kf2 Rg5 49. Re7+ Kg6 50. Reh7 Rxb2+ 51. Ke3 Rxh2 52. Rxh2 Nd7 53.
Rh8 Kf7 54. Ra8 c3 55. Rxa4 c2 56. Rc4 Rg1 57. Ba3 Rd1 58. Kf4 Rxd5 59. Bb2 Kg6
60. Rc6 Ne5 61. Bxe5 Rxe5 62. Rc3 Re1 0-1

[Event "FIDE World Rapid Team"]
[Site "Almaty KAZ"]
[Date "2024.08.04"]
[Round "10.32"]
[White "Al-Mudahka, Mohd"]
[Black "Isaev, Anton"]
[Result "1-0"]
[WhiteTitle "GM"]
[WhiteElo "2542"]
[BlackElo "2156"]
[WhiteTeam "FIDE Management Board"]
[BlackTeam "Storm of Dragons"]
[WhiteFideId "12100030"]
[BlackFideId "24185132"]
[EventDate "2024.08.02"]

1. e4 e6 2. d4 d5 3. Nc3 dxe4 4. Nxe4 Bd7 5. Nf3 Bc6 6. Bd3 Nd7 7. O-O Ngf6 8.
Ned2 Be7 9. c4 Bxf3 10. Nxf3 O-O 11. b3 a5 12. a3 c6 13. Bb2 Qc7 14. Re1 Rfd8
15. Qc2 Nf8 16. g3 Qd7 17. Rad1 Qe8 18. Qe2 Rab8 19. a4 Bb4 20. Rf1 Qe7 21. Bb1
Ba3 22. Bc3 Bb4 23. Ba1 Re8 24. Ne5 N6d7 25. Nd3 Bd6 26. Bc3 Bc7 27. Qd2 Ra8 28.
Rfe1 Nf6 29. Qe2 Bd6 30. Qf3 Red8 31. h4 Rab8 32. Bxa5 b6 33. Bc3 b5 34. axb5
cxb5 35. c5 Bc7 36. Nb4 Qd7 37. Nc6 Nd5 38. Nxb8 Rxb8 39. Be4 Nf6 40. Bc6 Qc8
41. d5 Nxd5 42. Bxd5 exd5 43. Rxd5 b4 44. Bxg7 Kxg7 45. Re7 1-0

[Event "FIDE World Rapid Team"]
[Site "Almaty KAZ"]
[Date "2024.08.04"]
[Round "10.33"]
[White "Dosmukhambetov, Arystan"]
[Black "Zhu, Chen"]
[Result "0-1"]
[BlackTitle "GM"]
[WhiteElo "1976"]
[BlackElo "2423"]
[WhiteTeam "Storm of Dragons"]
[BlackTeam "FIDE Management Board"]
[WhiteFideId "13742418"]
[BlackFideId "8600546"]
[EventDate "2024.08.02"]

1. Nf3 d6 2. d4 Nd7 3. e4 g6 4. Bd3 Bg7 5. O-O e5 6. c3 Ne7 7. Re1 O-O 8. a4 a5
9. Na3 h6 10. Nc4 exd4 11. Nxd4 Nc5 12. Bc2 d5 13. exd5 Nxd5 14. h3 Qf6 15. Ne3
Nxe3 16. Bxe3 b6 17. Qd2 g5 18. b4 axb4 19. cxb4 Rd8 20. Qe2 Ne6 21. Nc6 Rd6 22.
b5 Bd7 23. Rad1 Rxd1 24. Rxd1 Bxc6 25. bxc6 Nf4 26. Qc4 Re8 27. h4 Ng6 28. hxg5
hxg5 29. Qg4 Ne5 30. Qe4 Qxc6 31. Qh7+ Kf8 32. Bxg5 Ng4 33. Bf5 Nf6 34. Qh4 Ne4
35. Be3 Qxa4 36. Re1 Qa5 37. Rc1 Qxf5 38. Rxc7 b5 39. Rb7 Kg8 40. g4 Qd5 41. Ra7
Nd2 42. Qg3 Nf3+ 43. Kg2 Nd4+ 44. Kh3 Qh1+ 45. Qh2 Qxh2+ 46. Kxh2 Nc2 47. Bc5
Bd4 48. Rc7 Be5+ 0-1

[Event "FIDE World Rapid Team"]
[Site "Almaty KAZ"]
[Date "2024.08.04"]
[Round "10.34"]
[White "Turlej, Lukasz"]
[Black "Akhmet, Suleyman"]
[Result "0-1"]
[WhiteElo "2105"]
[BlackElo "1730"]
[WhiteTeam "FIDE Management Board"]
[BlackTeam "Storm of Dragons"]
[WhiteFideId "1125680"]
[BlackFideId "13752111"]
[EventDate "2024.08.02"]

1. d4 f5 2. h3 Nf6 3. g4 d5 4. g5 Ne4 5. Nf3 e6 6. Bf4 Bd6 7. e3 c5 8. Ne5 O-O
9. c3 cxd4 10. exd4 Nc6 11. Nd2 Bxe5 12. dxe5 Nxg5 13. Rg1 Ne4 14. Be2 Qh4 15.
Bg3 Nxg3 16. Nf3 Qxh3 17. Rxg3 Qh1+ 18. Rg1 Qh6 19. Qb3 Qf4 20. Rd1 Nxe5 0-1